[Event "MSU Cup"]
[Site "Moscow"]
[Date "2024.04.24"]
[Round "8.6"]
[White "Rezvy, Lev"]
[Black "Kovalevskaya, Ekaterina"]
[Result "1-0"]
[WhiteElo "2089"]
[BlackElo "2281"]
[PlyCount "91"]
[EventDate "2024.04.22"]
[EventType "team-tourn"]
[EventRounds "9"]
[EventCountry "RUS"]
[SourceTitle "CB18_2024"]
[SourceDate "2024.05.01"]
[SourceVersion "1"]
[SourceVersionDate "2024.05.01"]
[SourceQuality "2"]
[WhiteTeam "SPbGU"]
[BlackTeam "Azerbaijan"]
[WhiteTeamCountry "RUS"]
[BlackTeamCountry "AZE"]

1. d4 d5 2. c4 e6 3. Nf3 c5 4. cxd5 exd5 5. g3 Nc6 6. Bg2 Nf6 7. 0-0 c4 8. Nc3 Be7 9. Ne5 0-0 10. Bg5 Be6 11. Nxc6 bxc6 12. b3 Qa5 13. Qc2 Rac8 14. bxc4 dxc4 15. Bd2 Qd8 16. Rfd1 Qxd4 17. Be3 Qe5 18. Bxa7 Rfd8 19. Bb6 Rd7 20. a4 Bb4 21. Ne4 c3 22. Nxf6+ gxf6 23. Rxd7 Bxd7 24. Rd1 Bf5 25. e4 Bg4 26. Rd3 c5 27. h3 Be6 28. f4 Qh5 29. Kh2 f5 30. e5 Bc4 31. Re3 Qg6 32. a5 Qe6 33. g4 fxg4 34. Be4 Bb3 35. Qg2 c2 36. Bxc2 Bxc2 37. Qxc2 c4 38. f5 Qh6 39. Qe4 Kh8 40. e6 Bd6+ 41. Kh1 f6 42. a6 Qf4 43. Qxf4 Bxf4 44. Re4 Be5 45. e7 c3 46. Bd8 1-0

[Event "Cheliabinsk Panchenko Memorial op-A"]
[Site "Cheliabinsk"]
[Date "2023.09.18"]
[Round "8"]
[White "Rezvy, Lev"]
[Black "Pingin, Artem"]
[Result "0-1"]
[WhiteElo "2104"]
[BlackElo "2409"]
[PlyCount "76"]
[EventDate "2023.09.11"]
[EventType "swiss"]
[EventRounds "10"]
[EventCountry "RUS"]
[SourceTitle "EXT 2024"]
[Source "ChessBase"]
[SourceDate "2023.10.10"]
[SourceVersion "1"]
[SourceVersionDate "2023.10.10"]
[SourceQuality "1"]

1. d4 Nf6 2. c4 e6 3. g3 c5 4. d5 exd5 5. cxd5 d6 6. Nc3 g6 7. Bg2 Bg7 8. Nf3 0-0 9. 0-0 Re8 10. Nd2 a6 11. a4 Nbd7 12. h3 Nh5 13. Nc4 Ne5 14. Nxe5 Bxe5 15. e4 Rb8 16. a5 b5 17. axb6 Qxb6 18. Qa4 Qd8 19. Bg5 f6 20. Bc1 Rb4 21. Qd1 f5 22. exf5 Bxf5 23. f4 Rd4 24. Qb3 Nxg3 25. fxe5 Nxf1 26. Bxf1 Qh4 27. Ne2 Rd3 28. Qa4 Qxa4 29. Rxa4 Rd1 30. Kg2 Bc2 31. Rf4 Rxe5 32. Rf2 g5 33. h4 Be4+ 34. Kg3 h6 35. hxg5 hxg5 36. b3 Bxd5 37. Bb2 Re3+ 38. Kg4 Rf3 0-1

[Event "Cheliabinsk Panchenko Memorial op-A"]
[Site "Cheliabinsk"]
[Date "2023.09.15"]
[Round "5"]
[White "Pridorozhni, Aleksei"]
[Black "Rezvy, Lev"]
[Result "1-0"]
[WhiteElo "2494"]
[BlackElo "2104"]
[PlyCount "107"]
[EventDate "2023.09.11"]
[EventType "swiss"]
[EventRounds "10"]
[EventCountry "RUS"]
[SourceTitle "EXT 2024"]
[Source "ChessBase"]
[SourceDate "2023.10.10"]
[SourceVersion "1"]
[SourceVersionDate "2023.10.10"]
[SourceQuality "1"]

1. e4 e6 2. d4 d5 3. Nc3 dxe4 4. Nxe4 Nd7 5. Nf3 Ngf6 6. Bg5 h6 7. Nxf6+ Nxf6 8. Be3 Bd6 9. Bd3 0-0 10. Qe2 b6 11. 0-0-0 Bb7 12. Rhg1 Nd5 13. Bd2 Nf4 14. Bxf4 Bxf4+ 15. Kb1 Qf6 16. Be4 Bxe4 17. Qxe4 Qf5 18. Qxf5 exf5 19. Rge1 Rfe8 20. c3 g6 21. Kc2 Kg7 22. Kd3 Kf6 23. Rxe8 Rxe8 24. a4 g5 25. g3 g4 26. Ne1 Bd6 27. f4 gxf3 28. Nxf3 f4 29. gxf4 Bxf4 30. Rf1 Kg7 31. Rf2 Re6 32. d5 Re3+ 33. Kc4 Re4+ 34. Kb5 a6+ 35. Kxa6 Rxa4+ 36. Kb7 Ra5 37. Nd4 Be5 38. Nf5+ Kg6 39. Ne7+ Kg7 40. b4 Ra3 41. Nc6 Bd6 42. Rc2 Kf6 43. Nd4 Be5 44. Nb5 Rb3 45. c4 Rxb4 46. Nxc7 Rb3 47. Nb5 Rh3 48. Kxb6 Rxh2 49. Rxh2 Bxh2 50. c5 Bg1 51. d6 Ke6 52. Kc6 Be3 53. d7 Bg5 54. Nd4+ 1-0

[Event "Cheliabinsk Panchenko Memorial op-A"]
[Site "Cheliabinsk"]
[Date "2023.09.14"]
[Round "4"]
[White "Rezvy, Lev"]
[Black "Somkin, Kirill"]
[Result "1-0"]
[WhiteElo "2104"]
[BlackElo "2185"]
[PlyCount "83"]
[EventDate "2023.09.11"]
[EventType "swiss"]
[EventRounds "10"]
[EventCountry "RUS"]
[SourceTitle "EXT 2024"]
[Source "ChessBase"]
[SourceDate "2023.10.10"]
[SourceVersion "1"]
[SourceVersionDate "2023.10.10"]
[SourceQuality "1"]

1. d4 Nf6 2. c4 e6 3. g3 d5 4. Nf3 dxc4 5. Bg2 Nbd7 6. Nfd2 Nb6 7. Nxc4 c5 8. Be3 Nxc4 9. Qa4+ Qd7 10. Qxc4 b5 11. Qc2 Bb7 12. Bxb7 Qxb7 13. 0-0 cxd4 14. Bxd4 Rc8 15. Nc3 Bc5 16. Bxf6 gxf6 17. Qe4 Qxe4 18. Nxe4 Ke7 19. a4 b4 20. e3 f5 21. Nd2 Bd6 22. Rac1 Be5 23. Nc4 Bg7 24. Rfd1 Rc5 25. Kf1 Rhc8 26. b3 Bc3 27. Ke2 Rd8 28. Rxd8 Kxd8 29. Nd6 Rd5 30. Rd1 Rxd1 31. Kxd1 a6 32. Nxf7+ Ke7 33. Ng5 h6 34. Nh3 e5 35. f3 Ke6 36. e4 fxe4 37. fxe4 Bd4 38. Ke2 a5 39. Nf2 Kf6 40. Ng4+ Kg6 41. h3 h5 42. Nh2 1-0

[Event "Satka Autumn"]
[Site "Satka"]
[Date "2023.08.31"]
[Round "3"]
[White "Bocharov, Dmitry"]
[Black "Rezvy, Lev"]
[Result "1-0"]
[WhiteElo "2521"]
[BlackElo "2104"]
[PlyCount "75"]
[EventDate "2023.08.29"]
[EventType "swiss"]
[EventRounds "9"]
[EventCountry "RUS"]
[SourceTitle "EXT 2024"]
[Source "ChessBase"]
[SourceDate "2023.10.10"]
[SourceVersion "1"]
[SourceVersionDate "2023.10.10"]
[SourceQuality "1"]

1. c4 e6 2. Nf3 d5 3. g3 Nf6 4. Bg2 dxc4 5. 0-0 Be7 6. Na3 0-0 7. Nxc4 c5 8. d4 Nc6 9. dxc5 Bxc5 10. a3 a5 11. Qc2 Qe7 12. Bf4 h6 13. Rac1 Nd5 14. Bd2 a4 15. e4 Nf6 16. Bf4 Rd8 17. Nce5 Nxe5 18. Nxe5 Bd4 19. Rfd1 Nh5 20. Rxd4 Rxd4 21. Be3 Rd8 22. Nc4 Nf6 23. Nb6 Rb8 24. h3 e5 25. Qxa4 Be6 26. Qb5 Qd6 27. b4 Nd7 28. Nd5 Ra8 29. a4 Rdc8 30. Rxc8+ Rxc8 31. Qxb7 Rb8 32. Qc6 Qf8 33. b5 Kh7 34. Nc7 Qe7 35. a5 Rc8 36. b6 Nb8 37. Qb5 Qd6 38. Nxe6 1-0

[Event "Satka Autumn"]
[Site "Satka"]
[Date "2023.08.30"]
[Round "2"]
[White "Rezvy, Lev"]
[Black "Pingin, Artem"]
[Result "1-0"]
[WhiteElo "2104"]
[BlackElo "2412"]
[PlyCount "65"]
[EventDate "2023.08.29"]
[EventType "swiss"]
[EventRounds "9"]
[EventCountry "RUS"]
[SourceTitle "EXT 2024"]
[Source "ChessBase"]
[SourceDate "2023.10.10"]
[SourceVersion "1"]
[SourceVersionDate "2023.10.10"]
[SourceQuality "1"]

1. d4 Nf6 2. c4 e6 3. a3 d5 4. Nc3 Be7 5. Nf3 a6 6. c5 Nc6 7. e3 Ne4 8. Bd3 f5 9. 0-0 0-0 10. Rb1 Bf6 11. Ne2 Bd7 12. b4 Be8 13. Bb2 b6 14. Qc2 bxc5 15. bxc5 Na5 16. Bc3 Nc6 17. Ba1 Qe7 18. Rfc1 Bh5 19. Nf4 Bxf3 20. gxf3 Ng5 21. Qe2 Kh8 22. Kh1 Rad8 23. Nh5 f4 24. exf4 Bxd4 25. fxg5 Qxg5 26. f4 Qh6 27. Rg1 Bxa1 28. Rxa1 g6 29. Rg5 e5 30. Rxe5 Nxe5 31. Qxe5+ Kg8 32. Nf6+ Kf7 33. Re1 1-0

[Event "Zudov Memorial"]
[Site "Nizhnij Tagil"]
[Date "2023.07.30"]
[Round "9"]
[White "Matveev, Vladimir1111"]
[Black "Rezvy, Lev"]
[Result "0-1"]
[WhiteElo "2308"]
[BlackElo "2104"]
[PlyCount "64"]
[EventDate "2023.07.29"]
[EventType "swiss (rapid)"]
[EventRounds "11"]
[EventCountry "RUS"]
[SourceTitle "CBM 215 Extra"]
[Source "ChessBase"]
[SourceDate "2023.09.30"]
[SourceVersion "1"]
[SourceVersionDate "2023.09.30"]
[SourceQuality "1"]

1. d4 Nf6 2. c4 e6 3. Nf3 d5 4. g3 dxc4 5. Bg2 Bb4+ 6. Bd2 a5 7. Qc2 Bxd2+ 8. Nbxd2 b5 9. a4 c6 10. 0-0 0-0 11. b3 cxb3 12. Nxb3 b4 13. e4 Ba6 14. Rfe1 Nbd7 15. Qxc6 Qb8 16. Nc5 Nxc5 17. Qxc5 Bb7 18. Ne5 Rc8 19. Qb5 Qa7 20. Rad1 Rab8 21. Qd3 Rc3 22. Qb1 Rbc8 23. d5 Rc2 24. Rf1 Ba6 25. Nc6 Qc5 26. Nd4 Bxf1 27. Bxf1 Rc1 28. Rxc1 Qxc1 29. Qd3 exd5 30. e5 Ne4 31. e6 fxe6 32. Qa6 Nd2 0-1

[Event "Cheliabinsk Lozovatsky Memorial-A"]
[Site "Cheliabinsk"]
[Date "2023.02.01"]
[Round "6"]
[White "Rezvy, Lev"]
[Black "Gukhman, Sergey"]
[Result "1-0"]
[WhiteElo "2103"]
[BlackElo "2115"]
[PlyCount "79"]
[EventDate "2023.01.27"]
[EventType "swiss"]
[EventRounds "10"]
[EventCountry "RUS"]
[SourceTitle "CBM 212 Extra"]
[Source "ChessBase"]
[SourceDate "2023.03.31"]
[SourceVersion "1"]
[SourceVersionDate "2023.03.31"]
[SourceQuality "1"]

1. d4 Nf6 2. c4 e6 3. g3 c5 4. Nf3 cxd4 5. Nxd4 d5 6. Bg2 e5 7. Nc2 d4 8. 0-0 Nc6 9. b4 Be6 10. Nd2 Be7 11. a3 0-0 12. Bb2 Qd7 13. e4 Ne8 14. Ne1 f5 15. Nd3 fxe4 16. Bxe4 Bd6 17. Qe2 Nf6 18. Bg2 Rae8 19. Rac1 Bf5 20. Ne4 Bg4 21. f3 Nxe4 22. Qxe4 Bf5 23. Qe2 Qf7 24. Nf2 Qg6 25. Ne4 Bxe4 26. fxe4 Be7 27. c5 Bg5 28. Qc4+ Kh8 29. Rcd1 Be3+ 30. Kh1 h5 31. b5 Nd8 32. Bc1 Bxc1 33. Rxc1 h4 34. Rxf8+ Rxf8 35. c6 h3 36. Bxh3 bxc6 37. bxc6 Qxe4+ 38. Bg2 Qe3 39. c7 Ne6 40. c8Q 1-0

[Event "Cheliabinsk Lozovatsky Memorial-A"]
[Site "Cheliabinsk"]
[Date "2023.01.28"]
[Round "2"]
[White "Lisimenko, Ruslan"]
[Black "Rezvy, Lev"]
[Result "1/2-1/2"]
[WhiteElo "2241"]
[BlackElo "2103"]
[PlyCount "185"]
[EventDate "2023.01.27"]
[EventType "swiss"]
[EventRounds "10"]
[EventCountry "RUS"]
[SourceTitle "CBM 212 Extra"]
[Source "ChessBase"]
[SourceDate "2023.03.31"]
[SourceVersion "1"]
[SourceVersionDate "2023.03.31"]
[SourceQuality "1"]

1. d4 Nf6 2. c4 e6 3. Nf3 d5 4. Nc3 c5 5. cxd5 exd5 6. Bg5 Be7 7. e3 0-0 8. dxc5 Be6 9. Rc1 Bxc5 10. Bd3 Nc6 11. 0-0 Be7 12. Qa4 h6 13. Bh4 Qb6 14. Ne2 Rac8 15. Ned4 Nxd4 16. Nxd4 Rxc1 17. Rxc1 Qxb2 18. Rb1 Qd2 19. Bf1 Bd8 20. Qxa7 Ne4 21. Bg3 Nxg3 22. hxg3 b6 23. Qa4 Qc3 24. Qd1 Qa5 25. a4 Bf6 26. Rb5 Qa7 27. Qb3 Bd7 28. Rxb6 Bxa4 29. Qb4 Bd7 30. Qb3 Ba4 31. Qb4 Bd7 32. Qb3 Ba4 33. Qb1 Qe7 34. Rb4 Bd7 35. Be2 Rd8 36. Bf3 Qe5 37. Qa2 Be8 38. Rb1 Qd6 39. Rd1 Qc5 40. Kh2 g6 41. Ne2 Bb5 42. Qa5 Be7 43. Nc3 Bc4 44. Qxc5 Bxc5 45. Bxd5 Bxd5 46. Nxd5 Kg7 47. g4 Ra8 48. Kg3 Ra3 49. Kf3 Ra2 50. Rd3 Rb2 51. Rd1 Ra2 52. Rc1 Bd6 53. Rc6 Bb8 54. Rb6 Ba7 55. Rb5 Rc2 56. Rb7 Ra2 57. Nc3 Ra5 58. Ne4 Bc5 59. Nd2 Bf8 60. Nb3 Ra2 61. Nd4 Kf6 62. Nc6 Bd6 63. Nd4 Kg7 64. Ne2 Be5 65. Rb5 Bd6 66. Nc3 Rc2 67. Ne4 Be7 68. Rb7 Kf8 69. Kg3 f5 70. gxf5 gxf5 71. Rb6 fxe4 72. Rxh6 Kf7 73. Kf4 Rxf2+ 74. Kxe4 Rxg2 75. Ra6 Rg5 76. Kf4 Rb5 77. Ke4 Rb3 78. Ra7 Ke6 79. Ra6+ Bd6 80. Ra5 Rb4+ 81. Kd3 Be5 82. Ra8 Kf5 83. Rf8+ Bf6 84. Rf7 Rb3+ 85. Ke2 Ke5 86. Rf8 Ke6 87. Re8+ Be7 88. Rh8 Kd7 89. Rh7 Kd6 90. Rh5 Bf6 91. Kf3 Bd4 92. Ke4 Bxe3 93. Rd5+ 1/2-1/2

[Event "Cheliabinsk Panchenko Memorial op-A"]
[Site "Cheliabinsk"]
[Date "2022.09.20"]
[Round "9"]
[White "Tarasov, Yaroslav"]
[Black "Rezvy, Lev"]
[Result "1/2-1/2"]
[WhiteElo "2001"]
[BlackElo "2106"]
[PlyCount "53"]
[EventDate "2022.09.12"]
[EventType "swiss"]
[EventRounds "10"]
[EventCountry "RUS"]
[SourceTitle "CBM 210 Extra"]
[Source "ChessBase"]
[SourceDate "2022.11.30"]
[SourceVersion "1"]
[SourceVersionDate "2022.11.30"]
[SourceQuality "1"]

1. Nf3 d5 2. e3 Nf6 3. c4 e6 4. Nc3 c5 5. d4 Nc6 6. a3 dxc4 7. Bxc4 a6 8. 0-0 b5 9. Ba2 Bb7 10. Qe2 cxd4 11. Rd1 b4 12. axb4 Bxb4 13. exd4 0-0 14. d5 exd5 15. Nxd5 Nxd5 16. Bxd5 Qe7 17. Qxe7 Bxe7 18. Bg5 Bxg5 19. Nxg5 Nd8 20. h4 h6 21. Ne4 Bxd5 22. Rxd5 Ne6 23. Nc5 Nxc5 24. Rxc5 Rfb8 25. Rca5 Rxb2 26. Rxa6 Rxa6 27. Rxa6 1/2-1/2

[Event "Cheliabinsk Panchenko Memorial op-A"]
[Site "Cheliabinsk"]
[Date "2022.09.17"]
[Round "6"]
[White "Kirillov, Dmitry1111"]
[Black "Rezvy, Lev"]
[Result "1-0"]
[WhiteElo "2200"]
[BlackElo "2106"]
[PlyCount "53"]
[EventDate "2022.09.12"]
[EventType "swiss"]
[EventRounds "10"]
[EventCountry "RUS"]
[SourceTitle "CBM 210 Extra"]
[Source "ChessBase"]
[SourceDate "2022.11.30"]
[SourceVersion "1"]
[SourceVersionDate "2022.11.30"]
[SourceQuality "1"]

1. e4 c6 2. d4 d5 3. exd5 cxd5 4. Nf3 Nc6 5. Ne5 e6 6. Bb5 Bd7 7. Nxd7 Qxd7 8. c3 Bd6 9. 0-0 Nge7 10. Re1 0-0 11. Nd2 a6 12. Bd3 Qc7 13. Nf3 h6 14. Bc2 Rac8 15. h4 Rfe8 16. h5 Kf8 17. Nh4 e5 18. dxe5 Nxe5 19. Bf4 Nc4 20. Bxd6 Nxd6 21. Qf3 Kg8 22. Re2 Qc4 23. g3 Nc6 24. Rae1 Rxe2 25. Rxe2 d4 26. Nf5 Qc5 27. Nxd6 1-0

[Event "Cheliabinsk Panchenko Memorial op-A"]
[Site "Cheliabinsk"]
[Date "2022.09.15"]
[Round "4"]
[White "Ismagilov, Igor"]
[Black "Rezvy, Lev"]
[Result "1/2-1/2"]
[WhiteElo "2220"]
[BlackElo "2106"]
[PlyCount "104"]
[EventDate "2022.09.12"]
[EventType "swiss"]
[EventRounds "10"]
[EventCountry "RUS"]
[SourceTitle "CBM 210 Extra"]
[Source "ChessBase"]
[SourceDate "2022.11.30"]
[SourceVersion "1"]
[SourceVersionDate "2022.11.30"]
[SourceQuality "1"]

1. d4 Nf6 2. c4 e6 3. Bf4 Bb4+ 4. Nd2 d5 5. a3 Bd6 6. Bg3 0-0 7. e3 c5 8. dxc5 Bxc5 9. Ngf3 a5 10. Be2 Nc6 11. 0-0 a4 12. cxd5 exd5 13. Rc1 Qb6 14. Nb1 Ne4 15. Nc3 Nxc3 16. Rxc3 Be7 17. Rc2 Bf5 18. Bd3 Bxd3 19. Qxd3 Rfd8 20. Rd1 Bf6 21. Bf4 h6 22. g4 d4 23. e4 Ra5 24. Nd2 Raa8 25. Nf3 Ra5 26. Kg2 Re8 27. Nd2 Rc5 28. Rxc5 Qxc5 29. Nf3 Qb6 30. Rd2 Qb3 31. e5 Qxd3 32. Rxd3 Nxe5 33. Nxe5 Bxe5 34. Bxe5 Rxe5 35. Rxd4 b5 36. Rd8+ Kh7 37. Rb8 f5 38. h3 fxg4 39. hxg4 Rd5 40. Rb6 Kg8 41. Rb7 Kh7 42. Rb6 Kg8 43. Kf1 Re5 44. f3 Rc5 45. Ke1 Kf7 46. Kd2 g6 47. Kd3 h5 48. gxh5 gxh5 49. Kd4 Rf5 50. Ke4 Rc5 51. f4 h4 52. Kf3 h3 1/2-1/2

[Event "Chigorin Memorial 28th"]
[Site "St Petersburg"]
[Date "2021.10.28"]
[Round "6"]
[White "Garmash, Aliona"]
[Black "Rezvy, Lev"]
[Result "1-0"]
[WhiteElo "2041"]
[BlackElo "2184"]
[PlyCount "89"]
[EventDate "2021.10.23"]
[EventType "swiss"]
[EventRounds "9"]
[EventCountry "RUS"]
[SourceTitle "EXT 2023"]
[Source "ChessBase"]
[SourceDate "2022.10.05"]
[SourceVersion "1"]
[SourceVersionDate "2022.10.05"]
[SourceQuality "1"]

1. d4 Nf6 2. c4 e6 3. Nf3 d5 4. Nc3 Bb4 5. cxd5 exd5 6. Bg5 h6 7. Bh4 c5 8. dxc5 Nbd7 9. e3 Qa5 10. Qd4 Bxc5 11. Qd2 Bb4 12. Bxf6 Nxf6 13. Bb5+ Kf8 14. Bd3 Be6 15. 0-0 Rc8 16. Rfc1 Bxc3 17. bxc3 Ne4 18. Bxe4 dxe4 19. Qd6+ Kg8 20. Nd4 Bc4 21. Qd7 Qc7 22. Qg4 Re8 23. Rab1 b6 24. Rb4 Bd3 25. Nf5 Qe5 26. Rd4 g6 27. Ng3 h5 28. Qd1 Re7 29. Qa4 h4 30. Nf1 Kg7 31. h3 Rc8 32. Nd2 Rc5 33. Nb3 b5 34. Qa3 Rc8 35. f4 Qc7 36. Nd2 Qc5 37. Qb2 Kh7 38. Qb3 Qc6 39. Qd1 f5 40. Qb3 Rd7 41. Qb4 Rxd4 42. Qe7+ Kg8 43. exd4 Rc7 44. Qxh4 Qe6 45. Qd8+ 1-0

[Event "Chigorin Memorial 28th"]
[Site "St Petersburg"]
[Date "2021.10.24"]
[Round "2"]
[White "Berezovsky, Timofei"]
[Black "Rezvy, Lev"]
[Result "0-1"]
[WhiteElo "1851"]
[BlackElo "2184"]
[PlyCount "126"]
[EventDate "2021.10.23"]
[EventType "swiss"]
[EventRounds "9"]
[EventCountry "RUS"]
[SourceTitle "EXT 2023"]
[Source "ChessBase"]
[SourceDate "2022.10.05"]
[SourceVersion "1"]
[SourceVersionDate "2022.10.05"]
[SourceQuality "1"]

1. d4 Nf6 2. Bf4 c5 3. e3 cxd4 4. exd4 g6 5. Nc3 Bg7 6. Qd2 a6 7. 0-0-0 b5 8. Kb1 d6 9. h4 Nbd7 10. Bh6 Bxh6 11. Qxh6 b4 12. Nce2 Qb6 13. Nh3 Ne4 14. Qe3 Bb7 15. Ng5 Ndf6 16. Nxe4 Nxe4 17. f3 Nf6 18. Nf4 e5 19. Bc4 0-0-0 20. Ne2 d5 21. Bb3 a5 22. Ng3 Rhe8 23. h5 Bc6 24. c3 a4 25. Bc2 b3 26. Bd3 bxa2+ 27. Ka1 Rd7 28. Rhe1 Rb7 29. Re2 Qb3 30. Qc1 e4 31. Ba6 Bb5 32. Bxb7+ Kxb7 33. Re3 Bd3 34. fxe4 dxe4 35. Nf1 Bxf1 36. Rxf1 Ng4 37. Rh3 e3 38. c4 Nf2 39. Rf3 Nd3 40. Rxf7+ Ka8 41. Rf8 Rxf8 42. Rxf8+ Ka7 43. Rf7+ Ka6 44. Qc3 Qxc3 45. bxc3 e2 46. Re7 e1Q+ 47. Rxe1 Nxe1 48. hxg6 hxg6 49. g3 Nc2+ 50. Kxa2 Ne3 51. Ka3 Ka5 52. c5 Kb5 53. Kb2 Kc4 54. c6 Nd5 55. g4 g5 56. Ka3 Kxc3 57. Kxa4 Kxd4 58. Kb5 Ke4 59. Kc5 Nc7 60. Kd6 Na6 61. Kd7 Kf4 62. Kc8 Nb4 63. c7 Nd5 0-1

[Event "Cheliabinsk Panchenko Memorial op-A"]
[Site "Cheliabinsk"]
[Date "2021.09.19"]
[Round "7"]
[White "Rezvy, Lev"]
[Black "Usov, Aleksandr E"]
[Result "1/2-1/2"]
[WhiteElo "2203"]
[BlackElo "2318"]
[PlyCount "97"]
[EventDate "2021.09.13"]
[EventType "swiss"]
[EventRounds "10"]
[EventCountry "RUS"]
[SourceTitle "CBM 204 Extra"]
[Source "ChessBase"]
[SourceDate "2021.11.30"]
[SourceVersion "1"]
[SourceVersionDate "2021.11.30"]
[SourceQuality "1"]

1. d4 d5 2. c4 c6 3. Nf3 Nf6 4. e3 a6 5. Nbd2 Bf5 6. b4 e6 7. Qb3 Bd6 8. c5 Bc7 9. Nh4 Bg4 10. h3 Bh5 11. g4 Bg6 12. Nxg6 hxg6 13. Bg2 e5 14. Rb1 Qe7 15. dxe5 Bxe5 16. Nf3 Bc7 17. Bb2 Rg8 18. Nd2 Be5 19. Bxe5 Qxe5 20. a4 Ke7 21. 0-0 Re8 22. f4 Qe6 23. e4 dxe4 24. Qxe6+ Kxe6 25. g5 Nd5 26. Nxe4 Kd7 27. Nd6 Re2 28. Nxb7 Kc7 29. Nd6 Nd7 30. Bxd5 cxd5 31. Rfe1 Rxe1+ 32. Rxe1 Rb8 33. Re8 Rxe8 34. Nxe8+ Kc6 35. Nd6 f6 36. Nc8 d4 37. Ne7+ Kc7 38. Kf2 a5 39. bxa5 fxg5 40. fxg5 Nxc5 41. Nxg6 Ne4+ 42. Ke2 d3+ 43. Kxd3 Nf2+ 44. Kc4 Nxh3 45. Kb5 Nxg5 46. Nf4 Kb7 47. Nd5 Ne6 48. Ne7 Nc7+ 49. Kc5 1/2-1/2

[Event "Cheliabinsk Panchenko Memorial op-A"]
[Site "Cheliabinsk"]
[Date "2021.09.17"]
[Round "5"]
[White "Rezvy, Lev"]
[Black "Lvov, Nikita"]
[Result "1-0"]
[WhiteElo "2203"]
[BlackElo "2007"]
[PlyCount "75"]
[EventDate "2021.09.13"]
[EventType "swiss"]
[EventRounds "10"]
[EventCountry "RUS"]
[SourceTitle "CBM 204 Extra"]
[Source "ChessBase"]
[SourceDate "2021.11.30"]
[SourceVersion "1"]
[SourceVersionDate "2021.11.30"]
[SourceQuality "1"]

1. d4 Nf6 2. c4 g6 3. g3 Bg7 4. Bg2 d5 5. cxd5 Nxd5 6. Nf3 0-0 7. 0-0 c5 8. e4 Nf6 9. e5 Nd5 10. dxc5 Nc6 11. Na3 Bg4 12. Nc4 Ndb4 13. Bg5 h6 14. Bd2 Qc8 15. Qb3 Na6 16. Qe3 Nab4 17. Rfc1 Rd8 18. a3 Nd5 19. Qe4 f5 20. exf6 Nxf6 21. Qe3 Nd5 22. Qb3 Kh7 23. Na5 Rb8 24. Rab1 Bxf3 25. Qxf3 Nd4 26. Qe4 Qf5 27. Qxf5 gxf5 28. Kf1 e5 29. b4 e4 30. g4 Kg6 31. gxf5+ Kxf5 32. Nc4 Nf3 33. Bxf3 exf3 34. Rb3 Ke4 35. Nd6+ Rxd6 36. cxd6 Rf8 37. d7 Nb6 38. Re3+ 1-0

[Event "Cheliabinsk Panchenko Memorial op-A"]
[Site "Cheliabinsk"]
[Date "2021.09.14"]
[Round "2"]
[White "Rezvy, Lev"]
[Black "Bespalov, Elisei"]
[Result "1-0"]
[WhiteElo "2203"]
[BlackElo "1877"]
[PlyCount "79"]
[EventDate "2021.09.13"]
[EventType "swiss"]
[EventRounds "10"]
[EventCountry "RUS"]
[SourceTitle "CBM 204 Extra"]
[Source "ChessBase"]
[SourceDate "2021.11.30"]
[SourceVersion "1"]
[SourceVersionDate "2021.11.30"]
[SourceQuality "1"]

1. d4 Nf6 2. c4 g6 3. g3 Bg7 4. Bg2 d6 5. Nc3 0-0 6. Nf3 Nbd7 7. 0-0 e5 8. e4 c6 9. h3 Re8 10. d5 c5 11. Ne1 Rf8 12. Bg5 h6 13. Be3 Ne8 14. Qd2 Kh7 15. Nd3 f5 16. f4 fxe4 17. Nxe4 exf4 18. Bxf4 Ndf6 19. g4 Nxe4 20. Bxe4 Bd4+ 21. Kg2 Nf6 22. Bf3 g5 23. Bg3 b5 24. cxb5 Bb7 25. Nb4 Rb8 26. Nc6 Bxc6 27. dxc6 Kg7 28. a4 a6 29. Rac1 axb5 30. c7 Qxc7 31. Qxd4 cxd4 32. Rxc7+ Kg6 33. Bxd6 Rfe8 34. a5 Re3 35. a6 Ne8 36. Rg7+ Kxg7 37. Bxb8 Rb3 38. Be5+ Kh7 39. Be4+ Kg8 40. Bd5+ 1-0

[Event "Cheliabinsk Panchenko Memorial op-A"]
[Site "Cheliabinsk"]
[Date "2021.09.13"]
[Round "1"]
[White "Lobanov, Sergei"]
[Black "Rezvy, Lev"]
[Result "1-0"]
[WhiteElo "2519"]
[BlackElo "2203"]
[PlyCount "93"]
[EventDate "2021.09.13"]
[EventType "swiss"]
[EventRounds "10"]
[EventCountry "RUS"]
[SourceTitle "CBM 204 Extra"]
[Source "ChessBase"]
[SourceDate "2021.11.30"]
[SourceVersion "1"]
[SourceVersionDate "2021.11.30"]
[SourceQuality "1"]

1. Nf3 d5 2. g3 Nd7 3. Bg2 e5 4. 0-0 Ngf6 5. d3 Bc5 6. Nbd2 e4 7. Nh4 e3 8. Nb3 exf2+ 9. Kh1 Bb6 10. a4 a5 11. e3 Ne5 12. Rxf2 Neg4 13. Rf1 0-0 14. Qf3 Re8 15. Nd4 Ne5 16. Qf2 Nfg4 17. Qg1 Ng6 18. Nhf5 Re5 19. h3 Bxd4 20. hxg4 Bb6 21. Qf2 c6 22. Bd2 Qg5 23. d4 Re8 24. e4 Qd8 25. Nxg7 Kxg7 26. Qxf7+ Kh8 27. Bg5 Rf8 28. Bxd8 Rxf7 29. Bxb6 Rxf1+ 30. Rxf1 dxe4 31. Bxe4 Bxg4 32. d5 Re8 33. dxc6 bxc6 34. Bxc6 Re2 35. Bd4+ Kg8 36. Bd5+ Be6 37. Bxe6+ Rxe6 38. Rf5 Re1+ 39. Kg2 Re2+ 40. Rf2 Re4 41. c3 Nf8 42. Kf3 Re1 43. Re2 Ra1 44. Re7 Ng6 45. Rg7+ Kf8 46. Rxh7 Rxa4 47. Ra7 1-0

[Event "Satka Magnezit 120 op"]
[Site "Satka"]
[Date "2021.07.11"]
[Round "8"]
[White "Rezvy, Lev"]
[Black "Kirienko, Maxim"]
[Result "1-0"]
[WhiteElo "2265"]
[BlackElo "1823"]
[PlyCount "80"]
[EventDate "2021.07.06"]
[EventType "swiss"]
[EventRounds "9"]
[EventCountry "RUS"]
[SourceTitle "CBM 203 Extra"]
[Source "ChessBase"]
[SourceDate "2021.09.30"]
[SourceVersion "1"]
[SourceVersionDate "2021.09.30"]
[SourceQuality "1"]

1. d4 f5 2. e4 fxe4 3. Nc3 Nf6 4. Bg5 g6 5. h4 h6 6. Bxf6 exf6 7. Qg4 Rg8 8. Qxe4+ Qe7 9. Bc4 Rg7 10. 0-0-0 Qxe4 11. Nxe4 Be7 12. Nf3 d6 13. Rde1 Kd8 14. Ng3 h5 15. Ne2 c6 16. Nf4 d5 17. Bd3 Bd6 18. Nxg6 Bg4 19. Nd2 Na6 20. c3 Nc7 21. f3 Bd7 22. g4 hxg4 23. h5 gxf3 24. h6 Rh7 25. Ne5 Re7 26. h7 Rxh7 27. Rxh7 fxe5 28. dxe5 f2 29. Rh8+ Be8 30. Re3 Bc5 31. Rf3 b5 32. Nb3 Bb6 33. Nd4 b4 34. Bf5 Ke7 35. Bh3 bxc3 36. bxc3 c5 37. Nf5+ Kf7 38. Rh7+ Kg8 39. Rh6 c4 40. Rg3+ Kf8 1-0

[Event "Satka Magnezit 120 op"]
[Site "Satka"]
[Date "2021.07.06"]
[Round "1"]
[White "Baranova, Elizaveta"]
[Black "Rezvy, Lev"]
[Result "0-1"]
[WhiteElo "1676"]
[BlackElo "2265"]
[PlyCount "82"]
[EventDate "2021.07.06"]
[EventType "swiss"]
[EventRounds "9"]
[EventCountry "RUS"]
[SourceTitle "CBM 203 Extra"]
[Source "ChessBase"]
[SourceDate "2021.09.30"]
[SourceVersion "1"]
[SourceVersionDate "2021.09.30"]
[SourceQuality "1"]

1. e4 e6 2. d4 d5 3. Nd2 Nf6 4. Bd3 c5 5. e5 Nfd7 6. c3 Nc6 7. Ne2 cxd4 8. cxd4 f6 9. exf6 Nxf6 10. Nf3 Bd6 11. 0-0 Bd7 12. a3 0-0 13. Re1 Qc7 14. Ng3 e5 15. dxe5 Nxe5 16. Nxe5 Bxe5 17. Qc2 Qd6 18. Bd2 Rac8 19. Bb4 Qb8 20. Qb3 Rf7 21. Re2 Bg4 22. Rc2 Re8 23. Nf1 Be6 24. Re1 d4 25. Bc4 Bxc4 26. Qxc4 b5 27. Qb3 g6 28. h3 Kg7 29. Rce2 Rd7 30. Nd2 Bh2+ 31. Kh1 Rxe2 32. Rxe2 Bf4 33. Be7 Qc7 34. Bxf6+ Kxf6 35. Ne4+ Kg7 36. Rc2 Qa5 37. Ng3 Qe1+ 38. Kh2 d3 39. Rc8 Qxf2 40. Qg8+ Kh6 41. Qf8+ Rg7 0-1